Most European South American Countries - Statistics

General Stats
  • This quiz has been taken 26 times
  • The average score is 11 of 12
Answer Stats
Percent European Answer % Correct
85% Argentina
100%
47% Brazil
95%
37% Colombia
95%
88% Uruguay
95%
42% Venezuela
95%
12% Bolivia
90%
52% Chile
90%
0.5% Guyana
90%
20% Paraguay
90%
23% Peru
90%
1% Suriname
90%
10% Ecuador
86%
No matching quizzes found
Score Distribution
Percent of People with Each Score
Percentile by Number Answered
Your Score History
You have not taken this quiz